Care and empowerment of army ex-servicemen (Record no. 490907)

000 -LEADER
fixed length control field 00448cam a22001337a 4500
008 - FIXED-LENGTH DATA ELEMENTS--GENERAL INFORMATION
fixed length control field 180718b2001 xxu||||| |||| 00| 0 eng d
082 ## - DEWEY DECIMAL CLASSIFICATION NUMBER
Classification number APPPA 2000-01 ATR/6
100 ## - MAIN ENTRY--PERSONAL NAME
Personal name Atri, S.S.
245 ## - TITLE STATEMENT
Title Care and empowerment of army ex-servicemen
Statement of responsibility, etc. by S.S. Atri
260 ## - PUBLICATION, DISTRIBUTION, ETC.
Place of publication, distribution, etc. New Delhi
Name of publisher, distributor, etc. Indian Institute of Public Administration
Date of publication, distribution, etc. 2001
300 ## - PHYSICAL DESCRIPTION
Extent 186p.
650 ## - SUBJECT ADDED ENTRY--TOPICAL TERM
Topical term or geographic name entry element Retired military personnel - India
650 ## - SUBJECT ADDED ENTRY--TOPICAL TERM
Topical term or geographic name entry element Veterans - Law and legislation - India
Holdings
Withdrawn status Lost status Damaged status Not for loan Permanent Location Current Location Date acquired Full call number Barcode Date last seen Price effective from Koha item type
        Indian Institute of Public Administration Indian Institute of Public Administration 2018-08-04 APPPA 2000-01 ATR/6 GR15473 2018-08-04 2018-08-04 GR

Powered by Koha